| 000 -LEADER | |
|---|---|
| fixed length control field | 00431nam a22001817a 4500 |
| 005 - DATE AND TIME OF LATEST TRANSACTION | |
| control field | 20220217100221.0 |
| 008 - FIXED-LENGTH DATA ELEMENTS--GENERAL INFORMATION | |
| fixed length control field | 220120b ||||| |||| 00| 0 eng d |
| 020 ## - INTERNATIONAL STANDARD BOOK NUMBER | |
| ISBN | 81-239-0893-8 |
| 041 ## - LANGUAGE CODE | |
| Language code of text/sound track or separate title | eng |
| 082 ## - DEWEY DECIMAL CLASSIFICATION NUMBER | |
| Classification number | 615.82 |
| 100 ## - MAIN ENTRY--AUTHOR NAME | |
| Personal name | GARDINER, M. DENA |
| 245 ## - TITLE STATEMENT | |
| Title | THE PRINCIPLES OF EXERCISE THERAPY |
| 250 ## - EDITION STATEMENT | |
| Edition statement | 4TH, ED. |
| 260 ## - PUBLICATION, DISTRIBUTION, ETC. (IMPRINT) | |
| Place of publication | NEW DELHI |
| Name of publisher | CBS.PVT LTD |
| 300 ## - PHYSICAL DESCRIPTION | |
| Number of Pages | 302;p |
| 650 ## - SUBJECT ADDED ENTRY--TOPICAL TERM | |
| Topical Term | BPT |
| 942 ## - ADDED ENTRY ELEMENTS (KOHA) | |
| Koha item type | Books |
| Lost status | Damaged status | Collection code | Home library | Current library | Shelving location | Date acquired | Source of acquisition | Cost, normal purchase price | Full call number | Accession Number | Koha item type |
|---|---|---|---|---|---|---|---|---|---|---|---|
| Reference | JRU Library | JRU Library | SHELF- 8- B | 20/01/2022 | PURCHASE | 450.00 | 615.82 | 25918 | Books | ||
| PHYSIOTHERAPY | JRU Library | JRU Library | SHELF-20-C | 20/01/2022 | PURCHASE | 450.00 | 615.82 | 25919 | Books | ||
| PHYSIOTHERAPY | JRU Library | JRU Library | SHELF-20-C | 20/01/2022 | PURCHASE | 450.00 | 615.82 | 25920 | Books | ||
| PHYSIOTHERAPY | JRU Library | JRU Library | SHELF-20-C | 20/01/2022 | PURCHASE | 450.00 | 615.82 | 25921 | Books | ||
| PHYSIOTHERAPY | JRU Library | JRU Library | SHELF-20-C | 20/01/2022 | PURCHASE | 450.00 | 615.82 | 25922 | Books | ||
| PHYSIOTHERAPY | JRU Library | JRU Library | SHELF-20-C | 20/01/2022 | PURCHASE | 450.00 | 615.82 | 25923 | Books | ||
| PHYSIOTHERAPY | JRU Library | JRU Library | SHELF-20-C | 20/01/2022 | PURCHASE | 450.00 | 615.82 | 25924 | Books | ||
| PHYSIOTHERAPY | JRU Library | JRU Library | Shelf - 25- D | 20/01/2022 | PURCHASE | 450.00 | 615.82 | 25925 | Books |